La communication : Les images, les sons, les signes, theories et techniques
Сохранить в:
| Формат: | |
|---|---|
| Язык: | Undetermined |
| Опубликовано: |
Champs-Élysées, Paris
CAL
1971
|
| Предметы: | |
| Метки: |
Добавить метку
Нет меток, Требуется 1-ая метка записи!
|
| Thư viện lưu trữ: | Trung tâm Học liệu Trường Đại học Cần Thơ |
|---|
| LEADER | 00539nam a2200181Ia 4500 | ||
|---|---|---|---|
| 001 | CTU_104610 | ||
| 008 | 210402s9999 xx 000 0 und d | ||
| 082 | |a 621.38203 | ||
| 082 | |b C734 | ||
| 245 | 0 | |a La communication : | |
| 245 | 0 | |b Les images, les sons, les signes, theories et techniques | |
| 260 | |a Champs-Élysées, Paris | ||
| 260 | |b CAL | ||
| 260 | |c 1971 | ||
| 650 | |a Communication,Truyền thông | ||
| 650 | |x Terminology,Thuật ngữ | ||
| 904 | |i Minh | ||
| 980 | |a Trung tâm Học liệu Trường Đại học Cần Thơ | ||